000 00520nam a2200169Ia 4500
008 110201s9999 xx 000 0 und d
082 _bB1248
_aK 1068
100 _aवगळ अरुण
245 _aस्वप्नगंधा
260 _bबांदोडकर पब्लिशिंग हाउस
365 _b30
600 _aवगळ अरुण
630 _aस्वप्नगंधा
700 _aवगळ अरुण
730 _aस्वप्नगंधा
942 _cBOOK
999 _c828546
_d828543